[Event "ISR-chT"]
[Site "Israel"]
[Date "2018.03.02"]
[Round "11.6"]
[White "Kaplivatski, Alexander"]
[Black "Zanan, Evgeny"]
[Result "0-1"]
[WhiteElo "2217"]
[BlackElo "2482"]
[PlyCount "80"]
[EventDate "2018.01.05"]
[EventType "team-tourn"]
[EventRounds "11"]
[EventCountry "ISR"]
[SourceTitle "EXT 2019"]
[Source "ChessBase"]
[SourceDate "2018.10.10"]
[SourceVersion "1"]
[SourceVersionDate "2018.10.10"]
[SourceQuality "1"]
[WhiteTeam "Haifa Nesher"]
[BlackTeam "Rishon Le Zion Feldklein"]
[WhiteTeamCountry "ISR"]
[BlackTeamCountry "ISR"]

1. e4 c5 2. Nf3 e6 3. d4 cxd4 4. Nxd4 Nc6 5. Nc3 Qc7 6. Be2 Nf6 7. 0-0 Be7 8. Be3 0-0 9. f4 d6 10. Qd2 a6 11. Rad1 Na5 12. b3 b5 13. Bf3 Bb7 14. Qd3 Nd7 15. e5 d5 16. Nce2 Rac8 17. Qd2 g6 18. g3 Nc5 19. h4 Ne4 20. Qe1 Nc6 21. Kg2 Nb4 22. c3 Nxa2 23. h5 Naxc3 24. Rc1 b4 25. g4 Qd7 26. g5 Nxe2 27. Bxe2 Rxc1 28. Bxc1 Rc8 29. hxg6 hxg6 30. Rh1 Bf8 31. Bg4 Bg7 32. Qh4 Rc3 33. Qh7+ Kf8 34. Bxe6 Rg3+ 35. Kf1 fxe6 36. Qxg6 Bc8 37. f5 Qc7 38. Bf4 Rg4 39. Be3 Qc3 40. f6 Qd3+ 0-1

[Event "ISR-ch 34th"]
[Site "Haifa"]
[Date "2008.12.07"]
[Round "5"]
[White "Klenburg, Mikhail"]
[Black "Kaplivatski, Alexander"]
[Result "1-0"]
[WhiteElo "2403"]
[BlackElo "2286"]
[PlyCount "83"]
[EventDate "2008.12.01"]
[EventType "swiss"]
[EventRounds "9"]
[EventCountry "ISR"]
[SourceTitle "CBM 127 Extra"]
[Source "ChessBase"]
[SourceDate "2009.01.08"]
[SourceVersion "2"]
[SourceVersionDate "2009.01.28"]
[SourceQuality "1"]

1. e4 c5 2. Nf3 Nc6 3. Bb5 g6 4. 0-0 Bg7 5. c3 Nf6 6. Re1 0-0 7. h3 d6 8. d3 Qc7 9. a3 a6 10. Ba4 b5 11. Bc2 Bb7 12. Nbd2 Rac8 13. Nf1 d5 14. e5 Nd7 15. e6 fxe6 16. Ng5 Nd8 17. Nxe6 Nxe6 18. Rxe6 d4 19. Bd2 Ne5 20. cxd4 cxd4 21. Bb3 Kh8 22. Qe2 Rce8 23. Rc1 Qb8 24. f4 Nf7 25. Rxe7 Bf6 26. Re6 Nh6 27. Bb4 Rg8 28. Re1 Rxe6 29. Qxe6 Bg7 30. Bd6 Qa8 31. Re2 Bc6 32. Be5 Re8 33. Qd6 Nf5 34. Qc5 Bxe5 35. fxe5 Kg7 36. e6 Qb7 37. Qe5+ Kh6 38. Rf2 Qe7 39. Nh2 Ne3 40. Rf7 Qh4 41. Qg7+ Kh5 42. g4+ 1-0

[Event "Tel Aviv Spring"]
[Site "Tel Aviv"]
[Date "2002.05.29"]
[Round "11"]
[White "Deutsch, Eyal"]
[Black "Kaplivatski, Alexander"]
[Result "0-1"]
[WhiteElo "2224"]
[BlackElo "2234"]
[PlyCount "134"]
[EventDate "2002.05.20"]
[EventType "tourn"]
[EventRounds "11"]
[EventCountry "ISR"]
[EventCategory "4"]
[SourceTitle "CBM 088 Extra"]
[Source "ChessBase"]
[SourceDate "2002.07.01"]
[SourceVersion "2"]
[SourceVersionDate "2002.07.01"]
[SourceQuality "1"]

1. e4 c5 2. Nc3 Nc6 3. Bb5 g6 4. Nf3 Bg7 5. 0-0 e5 6. d3 Nge7 7. Be3 d6 8. Qd2 0-0 9. Bc4 Nd4 10. Ne1 Bd7 11. Nd5 Nxd5 12. Bxd5 Be6 13. Bxe6 Nxe6 14. Bh6 f5 15. Bxg7 Kxg7 16. exf5 Rxf5 17. c3 Qh4 18. g3 Qh3 19. f3 Raf8 20. Rd1 Ng5 21. Qg2 Qh6 22. d4 cxd4 23. cxd4 Nxf3+ 24. Rxf3 Rxf3 25. Nxf3 Qe3+ 26. Qf2 Qxf3 27. Qxf3 Rxf3 28. dxe5 dxe5 29. Rd6 e4 30. Re6 e3 31. b4 Kf7 32. Re4 Kf6 33. a4 h5 34. Re8 Kf5 35. Kg2 Rf2+ 36. Kg1 Rb2 37. Rxe3 Rxb4 38. Re7 Rb2 39. h3 a5 40. Kf1 Kf6 41. Rc7 b6 42. Kg1 Ke5 43. Rg7 Kf5 44. Rf7+ Ke5 45. Rg7 Kf5 46. Rf7+ Kg5 47. Rf4 h4 48. Rg4+ Kf5 49. Rf4+ Ke5 50. Rxh4 Rb4 51. Rh6 Kf5 52. h4 Rxa4 53. h5 Rg4 54. Kf2 b5 55. Kf3 a4 56. Rh8 gxh5 57. Rxh5+ Rg5 58. g4+ Kf6 59. Rh6+ Ke5 60. Rb6 Kd4 61. Kf4 Kc5 62. Rb8 Rg7 63. Kf5 a3 64. g5 b4 65. Ra8 Kc4 66. Kf6 Rb7 67. g6 Kb3 0-1

[Event "ISR-chT"]
[Site "Israel"]
[Date "2002.04.19"]
[Round "9"]
[White "Kaplivatski, Alexander"]
[Black "Tseitlin, Mark D"]
[Result "0-1"]
[WhiteElo "2250"]
[BlackElo "2486"]
[PlyCount "114"]
[EventDate "2002.01.10"]
[EventType "team-tourn"]
[EventRounds "11"]
[EventCountry "ISR"]
[SourceTitle "EXT 2003"]
[Source "ChessBase"]
[SourceDate "2002.11.25"]
[SourceVersion "1"]
[SourceVersionDate "2002.11.25"]
[SourceQuality "1"]

1. e4 g6 2. d4 Bg7 3. Nc3 d6 4. Be3 a6 5. Qd2 b5 6. Bd3 Nd7 7. Nf3 Bb7 8. a4 b4 9. Ne2 c5 10. c3 bxc3 11. bxc3 cxd4 12. cxd4 Ngf6 13. Nc3 0-0 14. Rb1 Rb8 15. 0-0 d5 16. Bf4 dxe4 17. Bxb8 Nxb8 18. Rxb7 exf3 19. Rfb1 Nc6 20. Qe3 fxg2 21. d5 Ng4 22. Qe4 Nce5 23. Be2 Nh6 24. Qxg2 Nf5 25. Ne4 Nd4 26. f4 Nd7 27. Bxa6 Nf5 28. Bb5 Nc5 29. Nxc5 Bd4+ 30. Kh1 Bxc5 31. Re1 Qa5 32. Rc1 Be3 33. Rf1 Qc3 34. Be2 Bc5 35. Qe4 Nd6 36. Qb1 Nxb7 37. Qxb7 Qd2 38. Bg4 Bd6 39. Qb5 Rb8 40. Qe2 Qxd5+ 41. Bf3 Qd4 42. a5 Rb2 43. Qe4 Qd2 44. Qa8+ Kg7 45. Bg2 Ra2 46. a6 Qe2 47. a7 Qe3 48. Qd5 Rxa7 49. f5 f6 50. Qe4 Qh6 51. h3 Rc7 52. Rg1 Rc3 53. Rd1 Rxh3+ 54. Kg1 Bc5+ 55. Kf1 Rh5 56. Rd5 Rh4 57. Qe2 Rh1+ 0-1

[Event "ISR-chT"]
[Site "Israel"]
[Date "2002.01.26"]
[Round "3"]
[White "Kaplivatski, Alexander"]
[Black "Zoler, Dan"]
[Result "0-1"]
[WhiteElo "2250"]
[BlackElo "2497"]
[PlyCount "84"]
[EventDate "2002.01.10"]
[EventType "team-tourn"]
[EventRounds "11"]
[EventCountry "ISR"]
[SourceTitle "EXT 2003"]
[Source "ChessBase"]
[SourceDate "2002.11.25"]
[SourceVersion "1"]
[SourceVersionDate "2002.11.25"]
[SourceQuality "1"]

1. e4 g6 2. d4 Bg7 3. Nf3 d6 4. Bc4 Nf6 5. Nc3 0-0 6. Qe2 Bg4 7. Bg5 c6 8. Bb3 Qa5 9. Bd2 Qh5 10. 0-0-0 Nbd7 11. Qe3 c5 12. Ne2 Bxf3 13. gxf3 Rac8 14. c3 cxd4 15. Nxd4 Ne5 16. Rdg1 Nc4 17. Bxc4 Rxc4 18. Kb1 Kh8 19. Rg3 a6 20. h4 h6 21. f4 e5 22. Qd3 exd4 23. Qxc4 Nxe4 24. Bc1 Nxg3 25. fxg3 Qf5+ 26. Ka1 dxc3 27. Qb3 cxb2+ 28. Bxb2 b5 29. Rd1 Re8 30. Rxd6 Re1+ 31. Rd1 Re2 32. Bxg7+ Kxg7 33. Qc3+ Qf6 34. Rc1 h5 35. a4 bxa4 36. Kb1 Qxc3 37. Rxc3 Kf6 38. Rc5 Rg2 39. Rg5 Kg7 40. f5 Kh6 41. fxg6 fxg6 42. Ka1 a3 0-1

[Event "Kfar Sava op"]
[Site "Kfar Sava"]
[Date "1993.??.??"]
[Round "1"]
[White "Kaplivatski, Alexander"]
[Black "Bruk, Ofer"]
[Result "0-1"]
[WhiteElo "2235"]
[BlackElo "2440"]
[PlyCount "77"]
[EventDate "1993.??.??"]
[EventType "swiss"]
[EventRounds "13"]
[EventCountry "ISR"]
[SourceTitle "EXT 2002"]
[Source "ChessBase"]
[SourceDate "2001.11.25"]
[SourceVersion "1"]
[SourceVersionDate "2001.11.25"]
[SourceQuality "1"]

1. e4 c5 2. Nf3 Nf6 3. e5 Nd5 4. Nc3 e6 5. Nxd5 exd5 6. d4 d6 7. exd6 Bxd6 8. dxc5 Bxc5 9. Bd3 0-0 10. 0-0 Bg4 11. c3 Nc6 12. h3 Bh5 13. Be2 Re8 14. Bf4 Qf6 15. Bg3 Bb6 16. Re1 Qg6 17. Kh2 Rad8 18. Qd2 Qf6 19. Rad1 h6 20. Kg1 d4 21. Nxd4 Rxe2 22. Rxe2 Bxd4 23. cxd4 Nxd4 24. Re3 Nf3+ 25. gxf3 Rxd2 26. Rxd2 Bxf3 27. Kh2 Bc6 28. a3 Qf5 29. Be5 Qb1 30. f3 f6 31. Bd4 Qf5 32. Bxa7 Qf4+ 33. Kg1 Bxf3 34. Kf1 Qg3 35. Rf2 Qxh3+ 36. Ke1 Qh1+ 37. Rf1 Qh4+ 38. Kd2 Bc6 39. Rg1 0-1